Obálka Náhled e-knihy:
PDF
Pro půjčování e-knih musíte být přihlášeni.
Jak si půjčit online?

Porsche /

Porsche. Už pri vyslovení tohto slova sa každému priaznivcovi a fanúšikovi automobilov či automobilového športu rozbúcha srdce o niečo rýchlejšie. Táto kniha, výnimočná nielen svojím rozsahom, podrobne mapuje kompletnú históriu automobilky. Od vzniku, prvých krôčikov, cez konštrukcie a produkciu slá...

Celý popis

Uloženo v:
Hlavní autor: Pavlůsek, Alois (Autor)
Médium: E-kniha
Jazyk:Czech
Vydáno: Praha : Albatros Media Slovakia s.r.o., 2021
Tagy:
Žádné tagy
LEADER 01418nam a22002297i 4500
001 311477
007 ta
008 260601s2021 xr ||||| |||| 00| 0 cze d
020 |a 9788056624708 
044 |a xr 
100 1 |a  Pavlůsek, Alois  |4 aut 
245 1 0 |a Porsche /  |c  Pavlůsek, Alois 
240 1 0 |a Porsche 
264 1 |a Praha :  |b Albatros Media Slovakia s.r.o.,  |c 2021 
300 |a 1 online zdroj (392 stran) 
336 |a text  |b txt  |2 rdacontent 
337 |a bez média  |b n  |2 rdamedia 
338 |a online zdroj  |b cr  |2 rdacarrier 
520 2 |a Porsche. Už pri vyslovení tohto slova sa každému priaznivcovi a fanúšikovi automobilov či automobilového športu rozbúcha srdce o niečo rýchlejšie. Táto kniha, výnimočná nielen svojím rozsahom, podrobne mapuje kompletnú históriu automobilky. Od vzniku, prvých krôčikov, cez konštrukcie a produkciu slávnych i menej známych typov automobilov, športové úspechy, až po dnešok a výhľad do blízkej budúcnosti. Všetky kapitoly sú sprevádzané bohatou obrazovou prílohou. 
910 |a RBIT002 
998 |d 340962  |a https://core.palmknihy.cz/api/books/340962/cover?si6jfc  |b https://core.palmknihy.cz/api/books/340962/cover/400?si6jfc  |c https://core.palmknihy.cz/api/books/340962/cover/50?si6jfc  |e 2030-12-31  |g 392  |i 9788056624708  |k https://core.palmknihy.cz/api/books/340962/preview.pdf  |l   |q 49  |r 1  |s https://www.palmknihy.cz/kniha/340962  |t ebook  |y 2021  |z 1 
999 |d 311475